Multiple Choice City Quiz – Montevideo - Statistics

General Stats
  • This quiz has been taken 21 times
  • The average score is 7 of 10
Answer Stats
Question Answer % Correct
Montevideo hosted the first-ever FIFA World Cup final in which year? 1930
95%
What is the primary export product of Montevideo's port? Beef
85%
Montevideo is home to two major football clubs. One is Nacional. What is the other? Peñarol
85%
Montevideo is the headquarters of which international football organization? CONMEBOL
80%
Which river is Montevideo located along? Plata River
75%
What is the name of Montevideo’s national football stadium, which hosted the 1930 FIFA World Cup final? Estadio Centenario
70%
Montevideo’s carnival is famous for which traditional Uruguayan music and dance style? Candombe
65%
Which of these monuments is located in Montevideo?
60%
Which famous Uruguayan writer and poet was born in Montevideo? Mario Benedetti
50%
What is the name of the iconic Montevideo building that was once the tallest in South America? Palacio Salvo
40%
No matching quizzes found
Score Distribution
Percent of People with Each Score
Percentile by Number Answered
Your Score History
You have not taken this quiz